| 000 | 004390000a22001810004500 | ||
|---|---|---|---|
| 003 | MACL | ||
| 005 | 20151025125354.0 | ||
| 008 | 151025b xxu||||| |||| 00| 0 eng d | ||
| 040 |
_aMACL _cMACL |
||
| 041 | _aEnglish | ||
| 082 | _a954/pem | ||
| 100 |
_aPemberton, R.B. _916674 |
||
| 245 | _aThe Eastern Frontier Of India | ||
| 260 |
_bMittal Publication _c1979 _aDelhi |
||
| 350 | _a90 | ||
| 650 |
_aHistory _916675 |
||
| 942 |
_cBK _k954 _2ddc |
||
| 999 |
_c7891 _d7891 |
||